[Event "Hasselbacken op"]
[Site "Stockholm"]
[Date "2016.05.08"]
[Round "9"]
[White "Lindborg, Petter"]
[Black "Ask, Josef"]
[Result "1/2-1/2"]
[WhiteElo "2232"]
[BlackElo "2118"]
[PlyCount "83"]
[EventDate "2016.04.30"]
[EventType "swiss"]
[EventRounds "9"]
[EventCountry "SWE"]
[SourceTitle "CBM 172 Extra"]
[Source "ChessBase"]
[SourceDate "2016.06.21"]
[SourceVersion "1"]
[SourceVersionDate "2016.06.21"]
[SourceQuality "1"]

1. d4 Nf6 2. c4 g6 3. Nc3 Bg7 4. e4 d6 5. h3 0-0 6. Be3 Nbd7 7. Bd3 a6 8. Nge2 c5 9. d5 b5 10. 0-0 Ne5 11. cxb5 Nxd3 12. Qxd3 axb5 13. Nxb5 Nd7 14. Nec3 Ba6 15. a4 Qa5 16. Rfb1 Rfb8 17. Bd2 Ne5 18. Qc2 Qb6 19. Ra2 Rf8 20. b4 cxb4 21. Rxb4 Rfc8 22. Qb1 Nc4 23. Be1 Rab8 24. Ne2 Ne5 25. Ned4 Rc4 26. Rxc4 Nxc4 27. Nc6 Rb7 28. Qd3 Ne5 29. Nxe5 Bxe5 30. Bc3 Bxb5 31. axb5 Qxb5 32. Qxb5 Rxb5 33. Bxe5 Rb1+ 34. Kh2 dxe5 35. Ra7 Kf8 36. g4 f6 37. d6 exd6 38. Rxh7 g5 39. Kg3 Rb3+ 40. Kg2 Rb4 41. Kf3 Rb3+ 42. Kg2 1/2-1/2

[Event "Hasselbacken op"]
[Site "Stockholm"]
[Date "2016.05.05"]
[Round "6"]
[White "Greenfeld, Alon"]
[Black "Lindborg, Petter"]
[Result "1-0"]
[WhiteElo "2541"]
[BlackElo "2232"]
[PlyCount "77"]
[EventDate "2016.04.30"]
[EventType "swiss"]
[EventRounds "9"]
[EventCountry "SWE"]
[SourceTitle "CBM 172 Extra"]
[Source "ChessBase"]
[SourceDate "2016.06.21"]
[SourceVersion "1"]
[SourceVersionDate "2016.06.21"]
[SourceQuality "1"]

1. Nf3 f5 2. c4 Nf6 3. Nc3 e6 4. g3 Be7 5. Bg2 0-0 6. 0-0 d6 7. b4 e5 8. d3 Qe8 9. Bb2 Nc6 10. c5 Kh8 11. b5 Nd8 12. Rc1 Ne6 13. cxd6 Bxd6 14. e3 a6 15. a4 Bd7 16. bxa6 Rxa6 17. Nb5 Bxb5 18. axb5 Qxb5 19. Rb1 Qa5 20. Nh4 e4 21. Bxf6 Rxf6 22. dxe4 fxe4 23. Bxe4 b6 24. Bd3 Ra8 25. Rb5 Qa4 26. Qb1 Nf8 27. Nf5 Bc5 28. Qb2 Qg4 29. Qe5 Ng6 30. Qxc7 Rxf5 31. Bxf5 Qxf5 32. Qxb6 Nh4 33. Qc6 Nf3+ 34. Kg2 Rf8 35. Rxc5 Qg4 36. Rc4 Nh4+ 37. Kh1 Qh3 38. Rfc1 Nf5 39. Qg2 1-0

[Event "SWE-chT 1516 Superettan"]
[Site "Sweden"]
[Date "2016.03.19"]
[Round "8"]
[White "Lekander, Rolf Ake"]
[Black "Lindborg, Petter"]
[Result "0-1"]
[WhiteElo "2239"]
[BlackElo "2227"]
[PlyCount "184"]
[EventDate "2015.11.06"]
[EventType "team-tourn"]
[EventRounds "9"]
[EventCountry "SWE"]
[SourceTitle "EXT 2018"]
[Source "ChessBase"]
[SourceDate "2017.10.13"]
[SourceVersion "1"]
[SourceVersionDate "2017.10.13"]
[SourceQuality "1"]
[WhiteTeam "Vaxjo"]
[BlackTeam "Solna"]
[WhiteTeamCountry "SWE"]
[BlackTeamCountry "SWE"]

1. d4 e6 2. Nf3 f5 3. g3 Nf6 4. Bg2 d5 5. 0-0 Bd6 6. c4 c6 7. b3 Qe7 8. Bb2 b6 9. Nbd2 Bb7 10. e3 0-0 11. Qe2 a5 12. Rfc1 Na6 13. Ne5 Rfc8 14. f4 c5 15. Bf3 Ne4 16. Bg2 Nb4 17. a3 Nc6 18. Nxc6 Bxc6 19. Nxe4 dxe4 20. a4 Rd8 21. Rd1 Ra7 22. Qc2 Be8 23. Bf1 Bh5 24. Be2 Bxe2 25. Qxe2 Rad7 26. d5 Bc7 27. dxe6 Rd3 28. Rxd3 exd3 29. Qf3 Qxe6 30. Rd1 Rd7 31. Kf2 Bd8 32. Be5 Bf6 33. Bxf6 Qxf6 34. Kg1 h6 35. g4 fxg4 36. Qe4 Qd6 37. Kf2 Rd8 38. Qf5 Kh8 39. Rd2 Qf6 40. Qxf6 gxf6 41. e4 h5 42. Kg3 Kg7 43. h3 gxh3 44. Kxh3 Rd4 45. Kg3 Rxe4 46. Rxd3 Rd4 47. Rf3 Kg6 48. Kh4 Kf5 49. Kxh5 Rxf4 50. Rd3 Rd4 51. Rf3+ Rf4 52. Rd3 Rf2 53. Rd5+ Ke6 54. Kg4 Rf1 55. Kg3 f5 56. Kg2 Rb1 57. Rd3 Ke5 58. Kf3 Rf1+ 59. Ke2 Rf4 60. Rd5+ Ke6 61. Rd8 Rd4 62. Rb8 Rd6 63. Ke3 Ke5 64. Re8+ Re6 65. Rd8 Rh6 66. Re8+ Kf6 67. Rf8+ Ke6 68. Rc8 Rh3+ 69. Kf4 Rxb3 70. Rc6+ Kd7 71. Rh6 Rb4 72. Kxf5 Rxc4 73. Rxb6 Rxa4 74. Ke5 Kc7 75. Ra6 Kb7 76. Rd6 Rc4 77. Rh6 Rd4 78. Rh1 Kc6 79. Rb1 Rb4 80. Ra1 a4 81. Ra2 Kb5 82. Ra1 Rb3 83. Kd5 a3 84. Rc1 Rd3+ 85. Ke4 c4 86. Rb1+ Rb3 87. Ra1 Kb4 88. Kd4 Rd3+ 89. Ke4 Rd2 90. Ke3 c3 91. Rb1+ Rb2 92. Ra1 Kb3 0-1

[Event "SWE-chT 1516 Superettan"]
[Site "Sweden"]
[Date "2016.03.18"]
[Round "7"]
[White "Lindborg, Petter"]
[Black "Persson, Richard"]
[Result "1-0"]
[WhiteElo "2227"]
[BlackElo "2142"]
[PlyCount "45"]
[EventDate "2015.11.06"]
[EventType "team-tourn"]
[EventRounds "9"]
[EventCountry "SWE"]
[SourceTitle "EXT 2018"]
[Source "ChessBase"]
[SourceDate "2017.10.13"]
[SourceVersion "1"]
[SourceVersionDate "2017.10.13"]
[SourceQuality "1"]
[WhiteTeam "Solna"]
[BlackTeam "Malmo"]
[WhiteTeamCountry "SWE"]
[BlackTeamCountry "SWE"]

1. d4 e6 2. c4 d5 3. Nc3 c6 4. e4 Bb4 5. Bd2 dxc4 6. Bxc4 Qxd4 7. Qe2 b5 8. Bd3 Nd7 9. Nf3 Qb6 10. 0-0 Bxc3 11. bxc3 a6 12. e5 Ne7 13. Ng5 Ng6 14. Be3 Qc7 15. f4 c5 16. Qh5 Bb7 17. Nxf7 Kxf7 18. f5 Qxe5 19. fxg6+ Ke8 20. Qh3 Bd5 21. Rae1 Qxc3 22. Bg5 c4 23. Rxe6+ 1-0

[Event "Vasteras op"]
[Site "Vasteras"]
[Date "2015.09.26"]
[Round "6"]
[White "Livner, Anders"]
[Black "Lindborg, Petter"]
[Result "1/2-1/2"]
[WhiteElo "2336"]
[BlackElo "2227"]
[PlyCount "100"]
[EventDate "2015.09.25"]
[EventType "swiss"]
[EventRounds "8"]
[EventCountry "SWE"]
[SourceTitle "EXT 2016"]
[Source "ChessBase"]
[SourceDate "2015.10.08"]
[SourceVersion "1"]
[SourceVersionDate "2015.10.08"]
[SourceQuality "1"]

1. d4 e6 2. c4 f5 3. g3 Nf6 4. Bg2 c6 5. Nd2 d5 6. Nh3 Bd6 7. 0-0 0-0 8. b3 a5 9. Nf3 b6 10. Nf4 Na6 11. a3 Qe7 12. Qc2 Bb7 13. Ng5 Nc7 14. Nd3 Nd7 15. Nf3 Rac8 16. Bg5 Qe8 17. Qb2 c5 18. dxc5 bxc5 19. cxd5 e5 20. Nd2 Nxd5 21. Nc4 Bc7 22. e4 N5b6 23. Nxb6 Bxb6 24. Rae1 f4 25. Bh3 Rc7 26. Bxd7 Rxd7 27. Nxe5 Rd4 28. Bxf4 Bc7 29. Nf3 Bxf4 30. Nxd4 Be5 31. b4 Bxd4 32. Qb3+ Qf7 33. Qxf7+ Rxf7 34. bxa5 Ba6 35. Rb1 Bxf1 36. Rb8+ Rf8 37. Rxf8+ Kxf8 38. Kxf1 Ke7 39. Ke2 c4 40. f4 Kd6 41. Kd2 Kc6 42. a4 Kc5 43. e5 Kd5 44. a6 Ke6 45. g4 g6 46. h4 Kd5 47. h5 gxh5 48. gxh5 Ke6 49. Kc2 Kd5 50. Kd2 Ke6 1/2-1/2

[Event "Vasteras op"]
[Site "Vasteras"]
[Date "2015.09.25"]
[Round "3"]
[White "Lindborg, Petter"]
[Black "Semcesen, Daniel"]
[Result "1/2-1/2"]
[WhiteElo "2227"]
[BlackElo "2436"]
[PlyCount "51"]
[EventDate "2015.09.25"]
[EventType "swiss"]
[EventRounds "8"]
[EventCountry "SWE"]
[SourceTitle "EXT 2016"]
[Source "ChessBase"]
[SourceDate "2015.10.08"]
[SourceVersion "1"]
[SourceVersionDate "2015.10.08"]
[SourceQuality "1"]

1. d4 d5 2. c4 c6 3. Nf3 Nf6 4. e3 Bg4 5. Qb3 Qb6 6. Nc3 e6 7. Nh4 Bh5 8. h3 g5 9. g4 gxh4 10. gxh5 Rg8 11. Be2 Nbd7 12. Bd2 0-0-0 13. cxd5 exd5 14. Qc2 Bd6 15. 0-0-0 Rg2 16. Rdf1 Kb8 17. Bf3 Rg7 18. Rhg1 Rdg8 19. Rxg7 Rxg7 20. Kb1 a6 21. Qd3 Qd8 22. e4 dxe4 23. Nxe4 Be7 24. Bf4+ Ka7 25. Nc3 Nb6 26. Be5 1/2-1/2

[Event "Kiel op 28th"]
[Site "Kiel"]
[Date "2015.07.27"]
[Round "5"]
[White "Roth, Thorsten"]
[Black "Lindborg, Petter"]
[Result "0-1"]
[WhiteElo "2083"]
[BlackElo "2197"]
[PlyCount "54"]
[EventDate "2015.07.25"]
[EventType "swiss"]
[EventRounds "9"]
[EventCountry "GER"]
[SourceTitle "CBM 167 Extra"]
[Source "ChessBase"]
[SourceDate "2015.09.14"]
[SourceVersion "1"]
[SourceVersionDate "2015.09.14"]
[SourceQuality "1"]

1. d4 e6 2. c4 f5 3. g3 Nf6 4. Bg2 c6 5. Nf3 d5 6. 0-0 Bd6 7. b3 Qe7 8. Nbd2 b6 9. Ne5 Bb7 10. Bb2 0-0 11. Rc1 a5 12. f3 Nbd7 13. Nxd7 Qxd7 14. e4 fxe4 15. fxe4 e5 16. cxd5 Rae8 17. dxe5 Bxe5 18. Bxe5 Rxe5 19. Nc4 Ree8 20. d6 Ba6 21. e5 Bxc4 22. Rxc4 Rxe5 23. Bxc6 Qe6 24. Rd4 Rd8 25. Bg2 Re2 26. Bd5 Nxd5 27. Rxd5 Qe3+ 0-1

[Event "Kiel op 28th"]
[Site "Kiel"]
[Date "2015.07.26"]
[Round "3"]
[White "Rieper, Julian"]
[Black "Lindborg, Petter"]
[Result "0-1"]
[WhiteElo "1906"]
[BlackElo "2197"]
[PlyCount "111"]
[EventDate "2015.07.25"]
[EventType "swiss"]
[EventRounds "9"]
[EventCountry "GER"]
[SourceTitle "CBM 167 Extra"]
[Source "ChessBase"]
[SourceDate "2015.09.14"]
[SourceVersion "1"]
[SourceVersionDate "2015.09.14"]
[SourceQuality "1"]

1. e4 e6 2. d4 d5 3. Nc3 Bb4 4. e5 Ne7 5. Qg4 c5 6. a3 Qa5 7. Bd2 cxd4 8. Qxd4 Nbc6 9. Qg4 d4 10. Ne4 Bxd2+ 11. Nxd2 Qxe5+ 12. Be2 0-0 13. 0-0-0 f5 14. Qg5 Qf6 15. Qxf6 gxf6 16. Bc4 Kg7 17. f4 e5 18. Nb3 a6 19. a4 b6 20. Nf3 Ng6 21. fxe5 fxe5 22. Rhe1 Ra7 23. Kb1 Rc7 24. Rd2 Re8 25. g3 Ree7 26. Rf1 Nb4 27. Be2 Nd5 28. h4 Nf6 29. Rg1 Bb7 30. h5 Nf8 31. Nh4 Bc8 32. Bd3 Nxh5 33. Bxf5 Rf7 34. g4 Bxf5 35. Nxf5+ Kh8 36. Nfxd4 Nf6 37. Ne2 Ne4 38. Rd5 Rf2 39. Re1 Ng6 40. Nbc1 Rg2 41. Rg1 Rf2 42. Rgd1 Kg7 43. c3 Re7 44. g5 Nxg5 45. Rd6 Rf6 46. Ng3 Kf7 47. Rd8 Nf4 48. Rg1 h6 49. Rh1 e4 50. Rf1 e3 51. Nce2 Nxe2 52. Rxf6+ Kxf6 53. Nxe2 Nf7 54. Rd4 h5 55. Kc2 Kg5 56. Kd1 0-1

[Event "Kiel op 28th"]
[Site "Kiel"]
[Date "2015.07.25"]
[Round "1"]
[White "Reinhardt, Johannes"]
[Black "Lindborg, Petter"]
[Result "0-1"]
[WhiteElo "1875"]
[BlackElo "2197"]
[PlyCount "110"]
[EventDate "2015.07.25"]
[EventType "swiss"]
[EventRounds "9"]
[EventCountry "GER"]
[SourceTitle "CBM 167 Extra"]
[Source "ChessBase"]
[SourceDate "2015.09.14"]
[SourceVersion "1"]
[SourceVersionDate "2015.09.14"]
[SourceQuality "1"]

1. e4 e6 2. d4 d5 3. exd5 exd5 4. Nf3 Nc6 5. Bd3 Bd6 6. h3 Nge7 7. 0-0 f6 8. Nc3 Be6 9. Nb5 Qd7 10. Nxd6+ Qxd6 11. c3 0-0-0 12. b4 Bf5 13. a4 g5 14. b5 Bxd3 15. Qxd3 Na5 16. Ba3 Qd7 17. Bxe7 Qxe7 18. Qf5+ Rd7 19. Rfe1 Qf7 20. Re6 Rf8 21. Rae1 Kd8 22. Nd2 Qg6 23. Qxg6 hxg6 24. f3 Rdf7 25. Kf2 Kd7 26. Nf1 Nc4 27. R6e2 c6 28. Ne3 Nxe3 29. Rxe3 Rc8 30. Rb1 b6 31. bxc6+ Rxc6 32. a5 bxa5 33. Rb5 Kd6 34. Rxa5 a6 35. Re8 Ra7 36. Rd8+ Ke7 37. Rh8 Ke6 38. Re8+ Kf7 39. Rh8 Kg7 40. Rd8 Rxc3 41. Rd6 Rc2+ 42. Kg3 Re7 43. Raxa6 Ree2 44. Ra7+ Kh6 45. Kh2 Rxg2+ 46. Kh1 Rgd2 47. Ra1 Rxd4 48. Rxf6 Kh5 49. Rg1 Rdd2 50. Rb1 d4 51. Rf8 Kh6 52. Rh8+ Kg7 53. Rd8 Kf6 54. Rd6+ Kf5 55. Re1 d3 0-1

[Event "SWE-chT 1415 Elite"]
[Site "Sweden"]
[Date "2014.11.23"]
[Round "3"]
[White "Nilsson, Sebastian"]
[Black "Lindborg, Petter"]
[Result "1-0"]
[WhiteElo "2321"]
[BlackElo "2234"]
[PlyCount "75"]
[EventDate "2014.11.21"]
[EventType "team-tourn"]
[EventRounds "9"]
[EventCountry "SWE"]
[SourceTitle "EXT 2016"]
[Source "ChessBase"]
[SourceDate "2015.10.08"]
[SourceVersion "1"]
[SourceVersionDate "2015.10.08"]
[SourceQuality "1"]
[WhiteTeam "Lunds"]
[BlackTeam "Solna"]
[WhiteTeamCountry "SWE"]
[BlackTeamCountry "SWE"]

1. e4 e6 2. d4 d5 3. Nc3 Bb4 4. e5 Ne7 5. a3 Bxc3+ 6. bxc3 c5 7. Qg4 Kf8 8. Bd2 Qc7 9. Bd3 b6 10. Nh3 Ba6 11. Nf4 Bxd3 12. cxd3 cxd4 13. cxd4 Nbc6 14. 0-0 Qd7 15. Nh5 Nf5 16. Rfc1 a5 17. Rab1 Rb8 18. Kf1 Qb7 19. Qf4 h6 20. g4 Nfe7 21. Ke2 Rc8 22. Rb2 Rg8 23. a4 Ke8 24. Rb3 Rb8 25. Bc3 Qd7 26. Rcb1 Qc7 27. Qd2 Kd7 28. f4 Qa7 29. Qb2 Kc7 30. Qa3 Rbd8 31. Ke3 Nc8 32. Qc1 Kb8 33. Bb2 Qd7 34. Ba3 Ka7 35. Qb2 Qc7 36. Bc5 Rd7 37. Rxb6 Ka8 38. Ra6+ 1-0

[Event "Vasteras op"]
[Site "Vasteras"]
[Date "2014.09.28"]
[Round "7"]
[White "Berg, Emanuel"]
[Black "Lindborg, Petter"]
[Result "1/2-1/2"]
[WhiteElo "2555"]
[BlackElo "2240"]
[PlyCount "224"]
[EventDate "2014.09.26"]
[EventType "swiss"]
[EventRounds "8"]
[EventCountry "SWE"]
[SourceTitle "CBM 162 Extra"]
[Source "ChessBase"]
[SourceDate "2014.10.17"]
[SourceVersion "1"]
[SourceVersionDate "2014.10.17"]
[SourceQuality "1"]

1. e4 e6 2. Qe2 c5 3. b3 Nc6 4. Nf3 e5 5. Bb2 d6 6. Nc3 Nge7 7. Qd1 g6 8. Bc4 Bg7 9. Nd5 0-0 10. h4 Bg4 11. Ne3 Be6 12. Bxe6 fxe6 13. Ng5 Qd7 14. Qg4 Rf6 15. h5 h6 16. Nh3 g5 17. d3 Kh7 18. c3 Rf7 19. Bc1 Ng8 20. Qe2 Raf8 21. Ng4 Nf6 22. Bxg5 Nxg4 23. Qxg4 hxg5 24. Nxg5+ Kh8 25. h6 Bf6 26. Nxf7+ Qxf7 27. Qh5 Qxh5 28. Rxh5 Rg8 29. g3 Kh7 30. Kf1 Rg6 31. Kg2 Rxh6 32. Rxh6+ Kxh6 33. Kf3 b5 34. Kg4 Kg6 35. c4 b4 36. Rh1 Nd4 37. f4 Bg7 38. Rh5 Nc2 39. f5+ exf5+ 40. exf5+ Kf6 41. Kf3 Nd4+ 42. Ke4 Ne2 43. Kd5 Nxg3 44. Rh2 Nxf5 45. Rf2 Bh6 46. Ke4 Bf4 47. Rg2 Ne7 48. Rg1 a5 49. Rh1 Kg7 50. Rg1+ Kf7 51. Rh1 Kg8 52. Rg1+ Kf7 53. Rh1 Ke6 54. Rh8 Bd2 55. Ra8 Bg5 56. Rxa5 Ng8 57. Kf3 Be7 58. a3 bxa3 59. Rxa3 Nh6 60. Ra4 Nf5 61. b4 Nd4+ 62. Kg4 cxb4 63. Rxb4 Bd8 64. Rb8 Kd7 65. Kg3 Bc7 66. Rh8 Bb6 67. Kf2 Ne6+ 68. Kf3 Kc6 69. Rc8+ Bc7 70. Ke4 Nc5+ 71. Ke3 Kb7 72. Rh8 Bb6 73. Rg8 Na4+ 74. Kd2 Bd4 75. Rd8 Kc7 76. Rg8 Nb6 77. Ke2 Kd7 78. Rf8 Kc6 79. Rf1 Kc5 80. Rb1 Na4 81. Rb5+ Kc6 82. Ra5 Nb6 83. Ra3 Bb2 84. Rb3 Bc1 85. Rb1 Bf4 86. Kf3 Na4 87. Rb4 Nc5 88. Ke2 Ne6 89. Kf3 Kc5 90. Rb5+ Kc6 91. Rb4 Nc7 92. Ra4 Bd2 93. Ke4 Ne6 94. Ra6+ Kc5 95. Ra2 Bc3 96. Ra8 Ng5+ 97. Ke3 Bd4+ 98. Kd2 Kc6 99. Rc8+ Kd7 100. Rg8 Ne6 101. Ke2 Nc5 102. Kd2 Bf2 103. Ke2 Bh4 104. Rg6 Ne6 105. Rg8 Bg5 106. Kf3 Bc1 107. Rg1 Bb2 108. Rg2 Bc3 109. Rg8 Nc5 110. Ke3 Bd4+ 111. Ke2 Kc6 112. Rc8+ Kd7 1/2-1/2

[Event "Berlin Werner Ott op"]
[Site "Berlin"]
[Date "2014.07.13"]
[Round "9"]
[White "Lindborg, Petter"]
[Black "Simon, Ralf Axel"]
[Result "1/2-1/2"]
[WhiteElo "2222"]
[BlackElo "2239"]
[PlyCount "28"]
[EventDate "2014.07.05"]
[EventType "swiss"]
[EventRounds "9"]
[EventCountry "GER"]
[SourceTitle "CBM 161 Extra"]
[Source "ChessBase"]
[SourceDate "2014.08.29"]
[SourceVersion "1"]
[SourceVersionDate "2014.08.29"]
[SourceQuality "1"]

1. d4 d5 2. c4 e6 3. Nc3 c6 4. e4 dxe4 5. Nxe4 Bb4+ 6. Bd2 Qxd4 7. Bxb4 Qxe4+ 8. Ne2 Na6 9. Bf8 Ne7 10. Bxg7 Nb4 11. Qd6 Nd3+ 12. Kd2 Nf5 13. Qxd3 Qxd3+ 14. Kxd3 Nxg7 1/2-1/2

[Event "Berlin Werner Ott op"]
[Site "Berlin"]
[Date "2014.07.06"]
[Round "2"]
[White "Ziese, Gerhard"]
[Black "Lindborg, Petter"]
[Result "0-1"]
[WhiteElo "1988"]
[BlackElo "2222"]
[PlyCount "92"]
[EventDate "2014.07.05"]
[EventType "swiss"]
[EventRounds "9"]
[EventCountry "GER"]
[SourceTitle "CBM 161 Extra"]
[Source "ChessBase"]
[SourceDate "2014.08.29"]
[SourceVersion "1"]
[SourceVersionDate "2014.08.29"]
[SourceQuality "1"]

1. d4 e6 2. Nc3 d5 3. e4 Bb4 4. e5 Ne7 5. a3 Bxc3+ 6. bxc3 c5 7. Qg4 Kf8 8. Nf3 Qa5 9. Bd2 Qa4 10. Be2 b6 11. 0-0 Ba6 12. Bd3 Bxd3 13. cxd3 c4 14. Rfc1 Nbc6 15. Bg5 Nf5 16. Nd2 Na5 17. Qf3 h6 18. g4 Ne7 19. Be3 Rc8 20. Qe2 Ke8 21. f4 h5 22. h3 hxg4 23. hxg4 cxd3 24. Qxd3 Rh4 25. Qe2 Kd7 26. Kg2 Rch8 27. Bg1 Ng6 28. Qa6 Rxg4+ 29. Kf2 Rxf4+ 30. Ke2 Ra8 31. c4 Qc6 32. c5 Nc4 33. Rab1 b5 34. Qxb5 Qxb5 35. Rxb5 Kc6 36. a4 Nxd2 37. Kxd2 f6 38. exf6 gxf6 39. Be3 Rg4 40. Ra5 f5 41. Rb1 e5 42. Ra6+ Kc7 43. dxe5 Nxe5 44. Bf2 Nc6 45. Rbb6 Nb8 46. Ra5 axb6 0-1

[Event "SWE-chT2 1314"]
[Site "Sweden"]
[Date "2014.03.09"]
[Round "9"]
[White "Nilsson, Patrik1111"]
[Black "Lindborg, Petter"]
[Result "0-1"]
[WhiteElo "2076"]
[BlackElo "2201"]
[PlyCount "88"]
[EventDate "2013.11.22"]
[EventType "team-tourn"]
[EventRounds "9"]
[EventCountry "SWE"]
[SourceTitle "EXT 2015"]
[Source "ChessBase"]
[SourceDate "2014.11.20"]
[SourceVersion "1"]
[SourceVersionDate "2014.11.20"]
[SourceQuality "1"]
[WhiteTeam "Limhamn II"]
[BlackTeam "Solna"]
[WhiteTeamCountry "SWE"]
[BlackTeamCountry "SWE"]

1. e4 e6 2. d4 d5 3. Nd2 Nc6 4. Ngf3 Nf6 5. e5 Nd7 6. Bb5 a6 7. Bxc6 bxc6 8. 0-0 c5 9. c3 a5 10. Re1 Be7 11. Nf1 0-0 12. Ng3 f5 13. exf6 Nxf6 14. Ng5 Ra6 15. Qe2 cxd4 16. cxd4 Re8 17. Bf4 c5 18. Rac1 cxd4 19. Qd3 Bd6 20. Be5 Bxe5 21. Rxe5 Qd6 22. f4 Rb6 23. Rce1 h6 24. Nf5 Qf8 25. Nh4 hxg5 26. fxg5 Ng4 27. Rf1 Nxe5 28. Rxf8+ Rxf8 29. Qxd4 Rc6 30. h3 Rc4 31. Qxe5 Rxh4 32. Qg3 Rhf4 33. g6 R8f6 34. Qc3 Rc4 35. Qxa5 Rxg6 36. Qd8+ Kh7 37. g4 Rf6 38. Kg2 d4 39. g5 Bb7+ 40. Kg3 Rf3+ 41. Kh2 Rc2+ 42. Kg1 Rg3+ 43. Kf1 Ba6+ 44. Ke1 Rg1# 0-1

[Event "SWE-chT2 1314"]
[Site "Sweden"]
[Date "2014.03.08"]
[Round "8"]
[White "Duenas, Alexis"]
[Black "Lindborg, Petter"]
[Result "0-1"]
[WhiteElo "1901"]
[BlackElo "2201"]
[PlyCount "98"]
[EventDate "2013.11.22"]
[EventType "team-tourn"]
[EventRounds "9"]
[EventCountry "SWE"]
[SourceTitle "EXT 2015"]
[Source "ChessBase"]
[SourceDate "2014.11.20"]
[SourceVersion "1"]
[SourceVersionDate "2014.11.20"]
[SourceQuality "1"]
[WhiteTeam "Sollentuna"]
[BlackTeam "Solna"]
[WhiteTeamCountry "SWE"]
[BlackTeamCountry "SWE"]

1. d4 e6 2. Nf3 f5 3. g3 Nf6 4. Bg2 Be7 5. 0-0 0-0 6. c4 d6 7. Nc3 Ne4 8. Qc2 Nxc3 9. Qxc3 a5 10. a3 Nc6 11. e3 a4 12. Qc2 e5 13. d5 Nb8 14. Bd2 Nd7 15. Bb4 b6 16. Nd2 Nc5 17. Bxc5 bxc5 18. Nb1 Bd7 19. Nc3 e4 20. f3 exf3 21. Rxf3 Bf6 22. Raf1 Qe7 23. Kh1 Rfb8 24. Nb5 Bxb5 25. cxb5 Rxb5 26. Qxf5 Rxb2 27. h4 Rb3 28. e4 Re8 29. Qg4 Rxf3 30. Qxf3 Rf8 31. Bh3 g6 32. Be6+ Kg7 33. Qd1 Qe8 34. Kg2 c4 35. Qc2 c3 36. Kh3 Be5 37. Qe2 Rxf1 38. Qxf1 Qf8 39. Qe2 Qb8 40. Qc4 Qb6 41. Qf1 Bf6 42. Qc4 Qc5 43. Qxa4 c2 44. Qd7+ Kh6 45. Qf7 c1Q 46. Qxf6 Qh1+ 47. Kg4 Qxe4+ 48. Kh3 Qce3 49. Qf8+ Kh5 0-1

[Event "SWE-chT2 1314"]
[Site "Sweden"]
[Date "2014.01.18"]
[Round "4"]
[White "Lindborg, Petter"]
[Black "Eriksson, Jorgen"]
[Result "1-0"]
[WhiteElo "2201"]
[BlackElo "2223"]
[PlyCount "247"]
[EventDate "2013.11.22"]
[EventType "team-tourn"]
[EventRounds "9"]
[EventCountry "SWE"]
[SourceTitle "EXT 2015"]
[Source "ChessBase"]
[SourceDate "2014.11.20"]
[SourceVersion "1"]
[SourceVersionDate "2014.11.20"]
[SourceQuality "1"]
[WhiteTeam "Solna"]
[BlackTeam "Umea Rockaden"]
[WhiteTeamCountry "SWE"]
[BlackTeamCountry "SWE"]

1. d4 Nf6 2. c4 g6 3. Nc3 Bg7 4. e4 d6 5. h3 0-0 6. Be3 Na6 7. Bd3 c5 8. d5 e6 9. Nf3 Re8 10. 0-0 exd5 11. exd5 Nc7 12. a4 Na6 13. Qd2 Nb4 14. Bb1 b6 15. Bf4 Ba6 16. Nb5 Bxb5 17. axb5 Ne4 18. Bxe4 Rxe4 19. Rac1 Qf6 20. Bg3 Rae8 21. Rfe1 Qxb2 22. Rxe4 Rxe4 23. Bxd6 Qxd2 24. Nxd2 Re2 25. Rd1 Nd3 26. Nf3 Nb2 27. Rc1 Re4 28. Nd2 Re2 29. Nf3 Re4 30. Bc7 Kf8 31. Ra1 Nxc4 32. Rxa7 Bf6 33. Rb7 Kg7 34. Bxb6 Nxb6 35. Rxb6 Rb4 36. d6 Rb1+ 37. Kh2 c4 38. d7 Rd1 39. Rc6 c3 40. Rc7 Rd6 41. g4 h6 42. h4 g5 43. h5 Rb6 44. Rxc3 Rxb5 45. Rd3 Rb8 46. Nd4 Bxd4 47. Rxd4 Rd8 48. Kg3 Kf6 49. Rd6+ Ke7 50. Rxh6 Rxd7 51. Ra6 Kf8 52. Ra3 Kg7 53. Kf3 Rd4 54. Ra5 Rf4+ 55. Kg3 f6 56. Ra7+ Kg8 57. f3 Rb4 58. Kf2 Rb3 59. Rd7 Ra3 60. Ke2 Rb3 61. Rd3 Rb4 62. Ke3 Kg7 63. Rd7+ Kg8 64. Rd4 Rb5 65. Rd7 f5 66. Rd6 Kh7 67. Rg6 Rb3+ 68. Ke2 Rb2+ 69. Ke3 Rb3+ 70. Kf2 fxg4 71. fxg4 Rb5 72. Kf3 Re5 73. Rf6 Ra5 74. Ke4 Ra4+ 75. Kf3 Ra3+ 76. Kg2 Ra2+ 77. Rf2 Ra4 78. Kg3 Kh6 79. Rf3 Rb4 80. Rf6+ Kh7 81. Re6 Rb3+ 82. Kf2 Rb4 83. Kf3 Rf4+ 84. Kg3 Ra4 85. Rg6 Ra5 86. Kf2 Re5 87. Kf3 Ra5 88. Ke4 Rb5 89. Rd6 Rb7 90. Re6 Rf7 91. Ke3 Rf4 92. Re4 Rf6 93. Kd4 Rf7 94. Kd5 Rf8 95. Re7+ Kh6 96. Re6+ Kh7 97. Rg6 Ra8 98. Ke6 Ra6+ 99. Kf7 Ra5 100. Kf6 Rb5 101. Rxg5 Rb8 102. Rg6 Rb5 103. Rg7+ Kh6 104. Rg6+ Kh7 105. Rg5 Rb8 106. Ke5 Rb4 107. Kf5 Ra4 108. Rg6 Ra7 109. Re6 Rg7 110. g5 Rf7+ 111. Rf6 Ra7 112. Re6 Rf7+ 113. Rf6 Ra7 114. h6 Ra5+ 115. Kg4 Ra1 116. Rf7+ Kg8 117. Re7 Rf1 118. Kh5 Rf8 119. g6 Ra8 120. h7+ Kh8 121. Kh6 Rg8 122. g7+ Rxg7 123. Re8+ Rg8 124. hxg8R# 1-0

[Event "SWE-chT2 1314"]
[Site "Sweden"]
[Date "2013.11.23"]
[Round "2"]
[White "Lindborg, Petter"]
[Black "Andersson, Johan"]
[Result "1-0"]
[WhiteElo "2201"]
[BlackElo "2139"]
[PlyCount "115"]
[EventDate "2013.11.22"]
[EventType "team-tourn"]
[EventRounds "9"]
[EventCountry "SWE"]
[SourceTitle "EXT 2015"]
[Source "ChessBase"]
[SourceDate "2014.11.20"]
[SourceVersion "1"]
[SourceVersionDate "2014.11.20"]
[SourceQuality "1"]
[WhiteTeam "Solna"]
[BlackTeam "Kamraterna"]
[WhiteTeamCountry "SWE"]
[BlackTeamCountry "SWE"]

1. d4 d6 2. Nf3 Bg4 3. c4 Nd7 4. Qb3 Rb8 5. h3 Bxf3 6. Qxf3 g6 7. Nc3 Bg7 8. Qd3 c5 9. e3 Ngf6 10. Be2 a6 11. 0-0 0-0 12. Rb1 Qc7 13. Bd2 Rfc8 14. Rfc1 b6 15. b3 Qa7 16. Rd1 Rc7 17. Be1 Rbc8 18. f4 cxd4 19. exd4 e6 20. Bf3 Qb8 21. Kh1 Bh6 22. Bd2 Bg7 23. Re1 Qa7 24. Rbd1 Ne8 25. Ne2 Qb8 26. a4 Rd8 27. Nc3 Qc8 28. a5 Qb8 29. axb6 Nxb6 30. Ne2 Rdc8 31. Ba5 Ra7 32. Nc3 Nd7 33. Na4 Nef6 34. b4 d5 35. c5 Qxf4 36. Re2 e5 37. dxe5 Nxe5 38. Qb3 Nxf3 39. Qxf3 Qxf3 40. gxf3 Nh5 41. Red2 Nf4 42. Nb6 Rc6 43. Nxd5 Nxh3 44. Bd8 h6 45. Ne7+ Rxe7 46. Bxe7 Bc3 47. Rd8+ Kg7 48. Bf8+ Kh7 49. R1d6 Rc7 50. Rb6 Ng5 51. Bd6 Ra7 52. c6 Ne6 53. Rd7 Rxd7 54. cxd7 Bf6 55. Rxa6 g5 56. b5 Kg6 57. b6 Nd8 58. Bc7 1-0